The economics of information : a guide to economic and cost-benefit analysis for information professionals / (Record no. 170)

000 -LEADER
fixed length control field 01138cam a22002894a 4500
001 - CONTROL NUMBER
control field 12197571
003 - CONTROL NUMBER IDENTIFIER
control field OSt
005 - DATE AND TIME OF LATEST TRANSACTION
control field 20140116120820.0
008 - FIXED-LENGTH DATA ELEMENTS--GENERAL INFORMATION
fixed length control field 001006s2001 cou b 001 0 eng
010 ## - LIBRARY OF CONGRESS CONTROL NUMBER
LC control number 00050701
020 ## - INTERNATIONAL STANDARD BOOK NUMBER
International Standard Book Number 9781563088162
040 ## - CATALOGING SOURCE
Original cataloging agency DLC
Transcribing agency DLC
Modifying agency DLC
042 ## - AUTHENTICATION CODE
Authentication code pcc
050 00 - LIBRARY OF CONGRESS CALL NUMBER
Classification number HD47.4.K56 2001
100 1# - MAIN ENTRY--PERSONAL NAME
Personal name Kingma, Bruce R.
245 14 - TITLE STATEMENT
Title The economics of information : a guide to economic and cost-benefit analysis for information professionals /
Statement of responsibility, etc Bruce R. Kingma.
250 ## - EDITION STATEMENT
Edition statement 2nd ed.
260 ## - PUBLICATION, DISTRIBUTION, ETC. (IMPRINT)
Place of publication, distribution, etc Englewood, CO :
Name of publisher, distributor, etc Libraries Unlimited,
Date of publication, distribution, etc 2001.
300 ## - PHYSICAL DESCRIPTION
Extent xii, 180 p. ;
Dimensions ill.
Other physical details 23 cm.
440 #0 - SERIES STATEMENT/ADDED ENTRY--TITLE
Title Library and information science text series
504 ## - BIBLIOGRAPHY, ETC. NOTE
Bibliography, etc Includes bibliographical references and index.
650 #0 - SUBJECT ADDED ENTRY--TOPICAL TERM
Topical term or geographic name as entry element Cost effectiveness.
650 #0 - SUBJECT ADDED ENTRY--TOPICAL TERM
Topical term or geographic name as entry element Information science
General subdivision Economic aspects.
906 ## - LOCAL DATA ELEMENT F, LDF (RLIN)
a 7
b cbc
c orignew
d 1
e ocip
f 20
g y-gencatlg
942 ## - ADDED ENTRY ELEMENTS (KOHA)
Source of classification or shelving scheme
Koha item type Book
Holdings
Withdrawn status Lost status Source of classification or shelving scheme Damaged status Not for loan Home library Current library Date acquired Source of acquisition Total Checkouts Full call number Barcode Date last seen Date checked out Copy number Price effective from Koha item type
          Riara University Library Riara University Library 11/10/2011 Purchase 1 HD47.4.K56 2001 2349/11 16/10/2017 22/10/2013 C.1 11/10/2011 Book
          Riara University Library Riara University Library 11/10/2011 Purchase 2 HD47.4.K56 2001 2348/11 17/07/2013 16/07/2013 C.2 11/10/2011 Book
          Riara University Library Riara University Library 11/10/2011 Purchase   RES HD47.4.K56 2001 2347/11 31/07/2023   C.3 11/10/2011 Book

Riara University Library,
P.O. Box 49940-00100,
Nairobi, Kenya.